Λούμπεν

Αποθηκεύτηκε σε:
Λεπτομέρειες βιβλιογραφικής εγγραφής
Κύριος συγγραφέας: Αλεξίου, Έλλη, 1894-1989
Μορφή: Βιβλίο
Γλώσσα:Greek
Δημοσίευση: Αθήνα : Καστανιώτη , 1994.
Έκδοση:5η εκδ.
Σειρά:Ελλης Αλεξίου Απαντα ; 4
Θέματα:
Ετικέτες: Προσθήκη ετικέτας
Δεν υπάρχουν, Καταχωρήστε ετικέτα πρώτοι!

MARC

LEADER 00000cam a2200000 i 4500
001 1/31317
008 960725s1994 gr | ||| |||| ||gre||
020 |a 9600300518 
035 |1 ΕΛΗ  |a 1996  |b 2407  |c ΒΙΒΛΙΟΘΗΚΗ  |l 10038795 
040 |a GR-MyUA  |b gre  |e AACR2 
041 0 |a gre 
082 0 |a 889.3 
100 1 |a Αλεξίου, Έλλη,   |d 1894-1989. 
245 1 0 |a Λούμπεν /   |c Ελλη Αλεξίου.  
250 |a 5η εκδ.  
260 |a Αθήνα :   |b Καστανιώτη ,   |c 1994.  
300 |a 196 σ. ;   |c 21 εκ.  
490 1 |a (Ελλης Αλεξίου Άπαντα   |v ; 4)  
650 0 0 |a Greek fiction. 
830 0 |a Ελλης Αλεξίου Απαντα ;  |v  4 
852 |a INST  |b SAMOS  |e 19960725  |h 889.3 ΑΛΕ  |p 005300009534  |q 005300009534  |t BK  |y 0 
909 |a Σ  |b 041633